Jaki to powiat/miasto? #2 - Statystyki

Ogólne statystyki
  • Ten quiz został rozwiązany 117 razy
  • Średni wynik to 14 z 25
Statystyki odpowiedzi
Województwo Tablica rejestracyjna Powiat/miasto % Poprawnych
Opolskie OP Opole
94%
Podkarpackie RZ Rzeszów
93%
Świętokrzyskie TK Kielce
90%
Śląskie SK Katowice
88%
Łódzkie EL Łódź
88%
Śląskie SC Częstochowa
76%
Wielkopolskie PK Kalisz
70%
Kujawsko-pomorskie CW Włocławek
70%
Świętokrzyskie TKI Kielecki
62%
Opolskie ONY Nyski
58%
Lubuskie FGW Gorzowski
56%
Podlaskie BL Łomża
54%
Pomorskie GTC Tczewski
54%
Pomorskie GMB Malborski
51%
Zachodniopomorskie ZST Stargardzki
51%
Dolnośląskie DKL Kłodzki
48%
Małopolskie KWI Wielicki
45%
Warmińsko-mazurskie NLI Lidzbarski
39%
Wielkopolskie PPL Pleszewski
35%
Łódzkie EOP Opoczyński
34%
Lubuskie FNW Nowosolski
33%
Podlaskie BWM Wysokomazowiecki
30%
Podlaskie BKL Kolneński
28%
Mazowieckie WMA Makowski
27%
Zachodniopomorskie ZLO Łobeski
24%
Nie znaleziono quizów pasujących do podanych kryteriów
Rozkład punktacji
Procent ludzi z każdym wynikiem
Percentyl według liczby udzielonych odpowiedzi
Twoja historia wyników
Nie rozwiązałeś tego quizu